| 000 | 00452nam a22001697a 4500 | ||
|---|---|---|---|
| 999 |
_c6829 _d6829 |
||
| 003 | OSt | ||
| 005 | 20210322104629.0 | ||
| 008 | 210322b ||||| |||| 00| 0 eng d | ||
| 020 | _a9789970250004 | ||
| 040 | _cDDC | ||
| 082 | _a333.91SAD 2010. | ||
| 100 |
_aSadig,Azhari mustafa; _913991 |
||
| 245 | _aThe neolithic of the middle Nile Region. | ||
| 300 |
_axix,244p; _bill, _c25cm. |
||
| 504 | _aincludes bibliography and index. | ||
| 942 |
_2ddc _cO_SHELF |
||